| 000 | 00823cam a2200289 4500500 | ||
|---|---|---|---|
| 005 | 20260405003525.0 | ||
| 041 | _afre | ||
| 042 | _adc | ||
| 100 | 1 | 0 |
_aLarmagnac-Matheron, Octave _eauthor |
| 245 | 0 | 0 | _aLes grandes écoles contre la méritocratie ? |
| 260 | _c2022. | ||
| 500 | _a94 | ||
| 690 | _aBourdieu | ||
| 690 | _aDéterminisme | ||
| 690 | _aÉcole | ||
| 690 | _aÉcoles de commerce | ||
| 690 | _aÉducation | ||
| 690 | _aHéritage | ||
| 690 | _aMérite | ||
| 690 | _aMéritocratie | ||
| 690 | _aNoblesse | ||
| 690 | _aPierre Bourdieu | ||
| 690 | _aPrivilèges | ||
| 690 | _aReproductibilité | ||
| 786 | 0 | _nPhilosophie magazine | 161 | 8 | 2022-07-01 | p. 8-8 | 1951-1787 | |
| 856 | 4 | 1 | _uhttps://shs.cairn.info/magazine-philosophie-magazine-2022-8-page-8?lang=fr&redirect-ssocas=7080 |
| 999 |
_c2068361 _d2068361 |
||